Hướng dẫn các hoạt động phát triển ngôn ngữ và giao tiếp cho trẻ mầm non Theo bộ chuẩn phát triển trẻ 5 tuổi

Zapisane w:
Opis bibliograficzny
1. autor: Trần, Lan Hương
Format: Książka
Wydane: H. Giáo dục Việt Nam 2013
Wydanie:Tái bản lần thứ nhất
Hasła przedmiotowe:
Etykiety: Dodaj etykietę
Nie ma etykietki, Dołącz pierwszą etykiete!
Thư viện lưu trữ: Trung tâm Học liệu Lê Vũ Hùng, Trường Đại học Đồng Tháp
LEADER 00949pam a22002178a 4500
001 00038569
005 20171026081025.0
008 170516s2013 ||||||Viesd
041 0 # |a Vie 
082 1 4 |a 372.21  |b H561D 
100 1 # |a Trần, Lan Hương 
245 1 0 |a Hướng dẫn các hoạt động phát triển ngôn ngữ và giao tiếp cho trẻ mầm non  |b Theo bộ chuẩn phát triển trẻ 5 tuổi  |c Trần Lan Hương...[và những người khác] 
250 # # |a Tái bản lần thứ nhất 
260 # # |a H.  |b Giáo dục Việt Nam  |c 2013 
300 # # |a 55 tr.  |c 24 cm 
653 # # |a Hướng dẫn các hoạt động phát triển ngôn ngữ và giao tiếp cho trẻ mầm non 
852 # # |b Kho đọc  |j KD.1001411 
852 # # |j KD.0025792 
910 |d 16/05/2017 
980 # # |a Trung tâm Học liệu Lê Vũ Hùng, Trường Đại học Đồng Tháp